Ethik im Polizeimanagement: Polizeiethik mit Bezügen zu Total Quality Management (TQM)
| Main Author: | |
|---|---|
| Corporate Author: | |
| Format: | Print Book |
| Language: | German |
| Published: |
Wiesbaden
Bundeskriminalamt
1997
|
| In: |
BKA-Forschungsreihe (42)
Year: 1997 |
| Availability in Tübingen: | Present in Tübingen. IFK: S XLIII 42 |
| Check availability: | HBZ Gateway |
| Subito Delivery Service: | Order now. |
| Keywords: |
MARC
| LEADER | 00000cam a2200000 c 4500 | ||
|---|---|---|---|
| 001 | 1127709232 | ||
| 003 | DE-627 | ||
| 005 | 20260206195947.0 | ||
| 007 | tu | ||
| 008 | 970310s1997 gw ||||| 00| ||ger c | ||
| 035 | |a (DE-627)1127709232 | ||
| 035 | |a (DE-603)051536072 | ||
| 035 | |a (DE-576)057709238 | ||
| 035 | |a (DE-599)BSZ057709238 | ||
| 035 | |a (OCoLC)37843981 | ||
| 035 | |a (OCoLC)246679195 | ||
| 035 | |a (OCoLC)37843981 | ||
| 035 | |a (DE-604)8112461891 | ||
| 040 | |a DE-627 |b ger |c DE-627 |e rakwb | ||
| 041 | |a ger | ||
| 044 | |c XA-DE | ||
| 084 | |a PH 8000 |2 rvk |0 (DE-625)rvk/136482: | ||
| 084 | |a PH 9000 |2 rvk |0 (DE-625)rvk/136529: | ||
| 084 | |a PH 9160 |2 rvk |0 (DE-625)rvk/136535: | ||
| 084 | |a 86.54 |2 bkl | ||
| 084 | |a 86.41 |2 bkl | ||
| 100 | 1 | |a Ahlf, Ernst-Heinrich |d 1943- |0 (DE-588)171946340 |0 (DE-627)696838001 |0 (DE-576)164384561 |4 aut | |
| 109 | |a Ahlf, Ernst-Heinrich 1943- |a Ahlf, E.-H. 1943- |a Ahlf, E. H. 1943- |a Ahlf, Heinrich 1943- | ||
| 245 | 1 | 0 | |a Ethik im Polizeimanagement |b Polizeiethik mit Bezügen zu Total Quality Management (TQM) |c Ernst-Heinrich Ahlf |
| 264 | 1 | |a Wiesbaden |b Bundeskriminalamt |c 1997 | |
| 300 | |a 362 S. |b graph. Darst. | ||
| 336 | |a Text |b txt |2 rdacontent | ||
| 337 | |a ohne Hilfsmittel zu benutzen |b n |2 rdamedia | ||
| 338 | |a Band |b nc |2 rdacarrier | ||
| 490 | 1 | |a BKA-Forschungsreihe |v 42 | |
| 500 | |a Literaturverzeichnis S. 333 - 360 | ||
| 505 | 8 | |a Literaturverz. S. 333 - 360 | |
| 583 | 1 | |a Archivierung/Langzeitarchivierung gewährleistet |f PEHE |2 pdager |5 DE-43 | |
| 650 | 0 | 7 | |0 (DE-588)4253135-4 |0 (DE-627)104733225 |0 (DE-576)210528621 |a Berufsethik |2 gnd |
| 650 | 0 | 7 | |0 (DE-588)4046595-0 |0 (DE-627)106197525 |0 (DE-576)209070196 |a Polizei |2 gnd |
| 650 | 0 | 7 | |0 (DE-588)4046612-7 |0 (DE-627)106197479 |0 (DE-576)209070269 |a Polizeiorganisation |2 gnd |
| 650 | 0 | 7 | |0 (DE-588)4015602-3 |0 (DE-627)106335987 |0 (DE-576)208912614 |a Ethik |2 gnd |
| 650 | 0 | 7 | |0 (DE-588)4219057-5 |0 (DE-627)104375736 |0 (DE-576)210253223 |a Qualitätsmanagement |2 gnd |
| 689 | 0 | 0 | |d s |0 (DE-588)4046595-0 |0 (DE-627)106197525 |0 (DE-576)209070196 |a Polizei |2 gnd |
| 689 | 0 | 1 | |d s |0 (DE-588)4037278-9 |0 (DE-627)104767707 |0 (DE-576)209023279 |a Management |2 gnd |
| 689 | 0 | 2 | |d s |0 (DE-588)4253135-4 |0 (DE-627)104733225 |0 (DE-576)210528621 |a Berufsethik |2 gnd |
| 689 | 0 | |5 DE-101 | |
| 689 | 1 | 0 | |d s |0 (DE-588)4046595-0 |0 (DE-627)106197525 |0 (DE-576)209070196 |a Polizei |2 gnd |
| 689 | 1 | 1 | |d s |0 (DE-588)4015602-3 |0 (DE-627)106335987 |0 (DE-576)208912614 |a Ethik |2 gnd |
| 689 | 1 | |5 (DE-627) | |
| 710 | 2 | |a Deutschland |b Bundeskriminalamt |0 (DE-588)2119958-9 |0 (DE-627)101625812 |0 (DE-576)193942461 |4 oth | |
| 810 | 2 | |a Deutschland |b Bundeskriminalamt |t BKA-Forschungsreihe |v 42 |9 42 |w (DE-627)358141338 |w (DE-576)285637371 |w (DE-600)2095861-4 |x 0174-5433 |7 am | |
| 889 | |w (DE-627)22611287X | ||
| 889 | |w (DE-627)276362128 | ||
| 935 | |i mdedup | ||
| 935 | |h GBV |i Tpn3090pruef | ||
| 936 | r | v | |a PH 8000 |b Schriftenreihen, Serien, Kongressberichte, Sammelwerke |k Rechtswissenschaft |k Strafrecht, Strafverfahrensrecht, Kriminologie |k Kriminologie |k Allgemeines |k Schriftenreihen, Serien, Kongressberichte, Sammelwerke |0 (DE-627)127212715X |0 (DE-625)rvk/136482: |0 (DE-576)20212715X |
| 936 | r | v | |a PH 9000 |b Polizeiliche Aufklärung und Polizeitaktik; Aufklärung <Kriminologie>; Kriminalistik |k Rechtswissenschaft |k Strafrecht, Strafverfahrensrecht, Kriminologie |k Kriminologie |k Strafverfahren und Strafvollzug; Empirische Bezugswissenschaften zur Kriminalrechtspflege; Forschung zu strafrechtlicher Sozialkontrolle |k Polizeiliche Aufklärung und Polizeitaktik; Aufklärung <Kriminologie>; Kriminalistik |0 (DE-627)1271966085 |0 (DE-625)rvk/136529: |0 (DE-576)201966085 |
| 936 | r | v | |a PH 9160 |b Soziologie der Instanzen der Sozialkontrolle (hier: Untersuchungen über Polizei etc.) |k Rechtswissenschaft |k Strafrecht, Strafverfahrensrecht, Kriminologie |k Kriminologie |k Pönologie; Kriminalpädagogik; Sanktionenforschung |k Soziologie der Instanzen der Sozialkontrolle (hier: Untersuchungen über Polizei etc.) |0 (DE-627)1272124835 |0 (DE-625)rvk/136535: |0 (DE-576)202124835 |
| 936 | b | k | |a 86.54 |j Polizeirecht |j Ordnungsrecht |0 (DE-627)106422308 |
| 936 | b | k | |a 86.41 |j Kriminologie |0 (DE-627)181572001 |
| 936 | s | n | |a p100 |2 mzub |
| 938 | 1 | 0 | |0 (DE-627)1756154864 |0 (DE-615)6607336 |a Polizei |2 fivt |
| 938 | 1 | 0 | |0 (DE-627)1756227187 |0 (DE-615)6606225 |a Management (funktional) |2 fivt |
| 938 | 1 | 0 | |0 (DE-627)1756222843 |0 (DE-615)6605620 |a Ethik |2 fivt |
| 951 | |a BO | ||
| ELC | |b 1 | ||
| LOK | |0 000 xxxxxcx a22 zn 4500 | ||
| LOK | |0 001 2300769255 | ||
| LOK | |0 003 DE-627 | ||
| LOK | |0 004 1127709232 | ||
| LOK | |0 005 19970811000000 | ||
| LOK | |0 008 970811||||||||||||||||ger||||||| | ||
| LOK | |0 040 |a DE-21-110 |c DE-627 |d DE-21-110 | ||
| LOK | |0 852 |a DE-21-110 | ||
| LOK | |0 852 1 |c S XLIII 42 |m p |9 00 | ||
| LOK | |0 935 |a k110 | ||
| LOK | |0 938 |k p | ||
| LOK | |0 939 |a 11-08-97 |b l01 | ||
| ORI | |a SA-MARC-krimdoka001.raw | ||
| SIG | |a IFK: S XLIII 42 | ||
